[Event "Lichtenrader Herbst"]
[Site "Berlin"]
[Date "2013.09.28"]
[Round "1.1"]
[White "Salz, Matthias"]
[Black "Graf, Alexander"]
[Result "0-1"]
[WhiteElo "1731"]
[BlackElo "2607"]
[PlyCount "50"]
[EventDate "2013.??.??"]

1. c4 e5 2. g3 g6 3. Bg2 Bg7 4. Nc3 Ne7 5. e4 Nbc6 6. Nge2 d6 7. d3 Be6 8. Nd5
O-O 9. Be3 Qd7 10. Qd2 Nd4 11. Bxd4 exd4 12. O-O Kh8 13. Rac1 Qd8 14. Qa5 b6
15. Qd2 Ng8 16. e5 dxe5 17. Nb4 a5 18. Bxa8 Qxa8 19. Nd5 Qb7 20. f4 c6 21. fxe5
cxd5 22. Nxd4 Bh3 23. Rfe1 Bh6 24. Qe2 dxc4 25. Rxc4 Be3+ 0-1

[Event "Lichtenrader Herbst"]
[Site "Berlin"]
[Date "2013.09.28"]
[Round "1.2"]
[White "Chatalbashev, Boris"]
[Black "Hoermann, David"]
[Result "1-0"]
[WhiteElo "2537"]
[BlackElo "2004"]
[PlyCount "69"]
[EventDate "2013.??.??"]

1. d4 Nf6 2. c4 e6 3. Nc3 d5 4. cxd5 exd5 5. Bg5 Be7 6. e3 c6 7. Bd3 O-O 8. Qc2
Nbd7 9. Nf3 h6 10. Bh4 b6 11. O-O Bb7 12. Rad1 Re8 13. Bg3 Bf8 14. Rfe1 Nh5 15.
Be5 Nhf6 16. e4 dxe4 17. Nxe4 Nxe4 18. Bxe4 Rc8 19. Bh7+ Kh8 20. Bf5 Ra8 21.
Qb3 Re7 22. Ng5 Qe8 23. Re3 Nxe5 24. Rxe5 g6 25. Rxe7 Qxe7 26. Nxf7+ Kg7 27.
Bxg6 Kxg6 28. Ne5+ Kg7 29. Rd3 Kh7 30. Rf3 Bg7 31. Rf7 Qg5 32. f4 Qh5 33. g4
Qh4 34. Rxg7+ Kh8 35. Rh7+ 1-0

[Event "Lichtenrader Herbst"]
[Site "Berlin"]
[Date "2013.09.28"]
[Round "1.3"]
[White "Barisch, Florian"]
[Black "Romanishin, Oleg M"]
[Result "0-1"]
[WhiteElo "1938"]
[BlackElo "2499"]
[PlyCount "84"]
[EventDate "2013.??.??"]

1. d4 Nf6 2. Nf3 g6 3. Bf4 Bg7 4. e3 c5 5. c3 Qb6 6. Qb3 O-O 7. Be2 d6 8. O-O
Be6 9. Qc2 Nc6 10. Ng5 Bf5 11. Qb3 e5 12. dxe5 dxe5 13. Bg3 Rad8 14. Rd1 Qxb3
15. axb3 Bc2 16. Re1 Bxb3 17. Na3 h6 18. Nf3 Ne4 19. Bd1 Bxd1 20. Rexd1 Nxg3
21. hxg3 Rxd1+ 22. Rxd1 e4 23. Ne1 Rd8 24. Rxd8+ Nxd8 25. Nb5 a6 26. Nc7 f5 27.
Kf1 Kf7 28. Nd5 g5 29. Nb6 Ke6 30. Ke2 Be5 31. Nc2 Nc6 32. Kd2 Bc7 33. Na4 Kd5
34. b3 b5 35. Nb2 Be5 36. Nd1 Na5 37. Na1 h5 38. Kc2 Nb7 39. Kd2 Nd6 40. Nc2 a5
41. Nb2 Kc6 42. Nd1 b4 0-1

[Event "Lichtenrader Herbst"]
[Site "Berlin"]
[Date "2013.09.28"]
[Round "1.4"]
[White "Collins, Sam E"]
[Black "Oppermann, Peter"]
[Result "1-0"]
[WhiteElo "2475"]
[BlackElo "1941"]
[PlyCount "79"]
[EventDate "2013.??.??"]

1. e4 e6 2. d4 d5 3. e5 c5 4. c3 Nc6 5. Nf3 Nh6 6. Bd3 cxd4 7. cxd4 f6 8. O-O
Nf7 9. Re1 Bb4 10. Bd2 O-O 11. exf6 Qxf6 12. Bxb4 Nxb4 13. Nc3 Nxd3 14. Qxd3
Bd7 15. Qd2 Rae8 16. Ne5 Nxe5 17. Rxe5 Qf4 18. Qxf4 Rxf4 19. Rd1 Ref8 20. Rd2
R4f5 21. Re1 a6 22. Nd1 Re8 23. Ne3 Rg5 24. f4 Rg6 25. g3 h5 26. Ng2 Rf8 27.
Rc2 Bc6 28. Rce2 Bd7 29. Rc2 Bc6 30. Re5 Rf5 31. Re3 Rf8 32. Nh4 Rgf6 33. Nf3
Rc8 34. Re5 g6 35. Re3 Kf8 36. Ne5 Ke7 37. Rec3 Kd6 38. b4 h4 39. Kg2 hxg3 40.
hxg3 1-0

[Event "Lichtenrader Herbst"]
[Site "Berlin"]
[Date "2013.09.28"]
[Round "1.5"]
[White "Heldt, Ronny"]
[Black "Rabiega, Robert"]
[Result "0-1"]
[WhiteElo "1817"]
[BlackElo "2507"]
[PlyCount "69"]
[EventDate "2013.??.??"]

1. Nf3 Nc6 2. g3 e5 3. d3 d5 4. Bg2 g6 5. Bg5 f6 6. Bc1 Bg7 7. O-O Nge7 8. Nbd2
Be6 9. e4 O-O 10. Qe2 Qd7 11. a3 a5 12. b3 Bg4 13. Bb2 d4 14. Qe1 g5 15. h4 h6
16. Kh2 Ng6 17. hxg5 fxg5 18. Ng1 Rf7 19. Nh3 Qe7 20. f3 Be6 21. Nf2 h5 22. Bh3
Raf8 23. Qe2 Bh6 24. g4 Nf4 25. Qd1 Qd7 26. Kg3 Ne7 27. Nc4 Neg6 28. c3 Nxh3
29. Nxh3 hxg4 30. Ng1 gxf3 31. Rxf3 g4 32. Rxf7 Qxf7 33. Qe2 Bf4+ 34. Kf2 Be3+
35. Kg2 0-1

[Event "Lichtenrader Herbst"]
[Site "Berlin"]
[Date "2013.09.28"]
[Round "1.6"]
[White "Stern, Rene"]
[Black "Savinova, Yulia"]
[Result "1-0"]
[WhiteElo "2509"]
[BlackElo "1755"]
[PlyCount "75"]
[EventDate "2013.??.??"]

1. d4 Nf6 2. c4 g6 3. Nc3 d5 4. e3 Bg7 5. Qb3 e6 6. Qa3 Qe7 7. Qxe7+ Kxe7 8. b3
c6 9. Ba3+ Kd8 10. Nf3 Bd7 11. Bd3 Bf8 12. Bb2 Bd6 13. O-O Rg8 14. Rad1 h6 15.
e4 Nxe4 16. Bxe4 dxe4 17. Nxe4 Be7 18. d5 cxd5 19. cxd5 exd5 20. Rxd5 Kc7 21.
Rc1+ Bc6 22. Ne5 Rd8 23. Rxd8 Kxd8 24. Nxf7+ Ke8 25. Nfd6+ Kf8 26. Rc3 Bxd6 27.
Nxd6 Ke7 28. Nxb7 Bxb7 29. Rc7+ Nd7 30. Rxb7 Ke6 31. Bd4 Rc8 32. Be3 a6 33. Ra7
Rc6 34. Bxh6 Rd6 35. h3 Kf5 36. g4+ Ke4 37. Kg2 Nc5 38. Bf8 1-0

[Event "Lichtenrader Herbst"]
[Site "Berlin"]
[Date "2013.09.28"]
[Round "1.7"]
[White "Seefeld, Marc"]
[Black "Lund, Silas Esben"]
[Result "0-1"]
[WhiteElo "1752"]
[BlackElo "2417"]
[PlyCount "110"]
[EventDate "2013.??.??"]

1. d4 Nf6 2. Nf3 c5 3. e3 g6 4. c4 cxd4 5. exd4 Bg7 6. Be2 d5 7. O-O O-O 8. Nc3
Nc6 9. h3 dxc4 10. Bxc4 b6 11. Be3 Bb7 12. Qe2 Na5 13. Bd3 Rc8 14. Rfd1 Nd5 15.
Rac1 Nxe3 16. fxe3 Qd6 17. Nb5 Qb8 18. e4 a6 19. Rxc8 Rxc8 20. Nc3 b5 21. e5
Nc4 22. Be4 Rd8 23. b3 Nb6 24. Bxb7 Qxb7 25. Ne4 Nd5 26. Qd2 Qb6 27. Rf1 b4 28.
Nfg5 f6 29. exf6 exf6 30. Nf3 f5 31. Nc5 Nc3 32. Qe3 Bxd4 33. Nxd4 Qxc5 34.
Nxf5 Qxe3+ 35. Nxe3 Rd2 36. Ng4 Rxa2 37. Nf6+ Kg7 38. Ne8+ Kh6 39. Rf7 Kg5 40.
Rxh7 Ne2+ 41. Kf1 Nd4 42. h4+ Kf4 43. Rg7 Ke3 44. Re7+ Kd3 45. Rg7 Nxb3 46.
Rxg6 Nd2+ 47. Kf2 Ne4+ 48. Kg1 b3 49. Rb6 b2 50. Kh2 Kc2 51. h5 Ra5 52. g4 Rb5
53. Rxb5 axb5 54. h6 b1=Q 55. h7 Qf1 0-1

[Event "Lichtenrader Herbst"]
[Site "Berlin"]
[Date "2013.09.28"]
[Round "1.8"]
[White "Mikkelsen, Nikolaj"]
[Black "Ziems, Michael"]
[Result "1-0"]
[WhiteElo "2412"]
[BlackElo "1839"]
[PlyCount "75"]
[EventDate "2013.??.??"]

1. e4 e6 2. d4 d5 3. Nd2 Nf6 4. e5 Nfd7 5. c3 c5 6. Bd3 Nc6 7. Ngf3 Qb6 8. O-O
cxd4 9. cxd4 Nxd4 10. Nxd4 Qxd4 11. Nf3 Qb6 12. Qa4 Qb4 13. Qc2 Be7 14. a3 Qb6
15. Be3 Bc5 16. Bd2 h6 17. Qa4 Qd8 18. Qg4 Kf8 19. Rae1 Be7 20. Nd4 Nc5 21. Bc2
Bd7 22. b4 Na6 23. Re3 h5 24. Qe2 Qb6 25. Qd3 Rc8 26. Rf3 Kg8 27. Bb3 Nc7 28.
Rc1 g6 29. Bc2 Bb5 30. Qe3 Kg7 31. Qf4 Rcf8 32. h4 Bc4 33. Be3 Qa6 34. Qg3 b5
35. Bg5 Re8 36. Rxf7+ Kxf7 37. Bxg6+ Kxg6 38. Bf6+ 1-0

[Event "Lichtenrader Herbst"]
[Site "Berlin"]
[Date "2013.09.28"]
[Round "1.9"]
[White "Koischwitz, Wanja"]
[Black "Gutman, Lev"]
[Result "0-1"]
[WhiteElo "1849"]
[BlackElo "2441"]
[PlyCount "31"]
[EventDate "2013.??.??"]

1. d4 Nf6 2. Nf3 g6 3. e3 Bg7 4. Nbd2 O-O 5. b3 c5 6. Bb2 cxd4 7. exd4 Nd5 8.
Bc4 Nf4 9. O-O d5 10. Be2 Nc6 11. Re1 Bf5 12. Nf1 Be4 13. c3 e5 14. dxe5 Nxe5
15. Ng3 Ned3 16. Bxd3 0-1

[Event "Lichtenrader Herbst"]
[Site "Berlin"]
[Date "2013.09.28"]
[Round "1.10"]
[White "Von Herman, Ulf"]
[Black "Geike, Eberhard"]
[Result "1-0"]
[WhiteElo "2391"]
[BlackElo "1831"]
[PlyCount "65"]
[EventDate "2013.??.??"]

1. d4 e6 2. e4 b6 3. Nf3 Bb7 4. Bd3 c5 5. c3 d6 6. O-O Nf6 7. Qe2 Be7 8. Nbd2
O-O 9. a3 Qc7 10. e5 Nd5 11. Ne4 dxe5 12. dxe5 Qd7 13. Rd1 Kh8 14. c4 Nc7 15.
Bc2 Qc6 16. Neg5 Bxg5 17. Bxg5 Ne8 18. Qd3 g6 19. Qe3 Nd7 20. Be7 Rg8 21. Rd2
f6 22. exf6 Ndxf6 23. Qe5 Kg7 24. Rad1 Kf7 25. Bxf6 Nxf6 26. Ng5+ Ke7 27. Be4
Nxe4 28. Rd7+ Ke8 29. Rc7 Nxg5 30. Rxc6 Bxc6 31. Qxg5 Rf8 32. Qe5 Bd7 33. Qg7
1-0

[Event "Lichtenrader Herbst"]
[Site "Berlin"]
[Date "2013.09.28"]
[Round "1.11"]
[White "Acikel, Mert"]
[Black "Bekker-Jensen, David"]
[Result "0-1"]
[WhiteElo "1704"]
[BlackElo "2321"]
[PlyCount "70"]
[EventDate "2013.??.??"]

1. e4 c5 2. Nf3 d6 3. d4 cxd4 4. Nxd4 Nf6 5. Nc3 a6 6. Be3 e5 7. Nb3 Be6 8. f3
h5 9. h4 Nbd7 10. Qd2 Be7 11. O-O-O Rc8 12. Kb1 Nb6 13. Bxb6 Qxb6 14. Nd5 Nxd5
15. exd5 Bd7 16. Bd3 g6 17. f4 exf4 18. Qxf4 O-O 19. Rhf1 Kg7 20. Rde1 Qd8 21.
Na5 Rc7 22. Nc4 Bb5 23. g4 Bxc4 24. Bxc4 Bxh4 25. Re2 Qf6 26. Bd3 Qxf4 27. Rxf4
Bg5 28. Rd4 h4 29. Rb4 Rh8 30. Rb6 h3 31. Be4 Re7 32. Bf3 Rxe2 33. Bxe2 h2 34.
Bf3 h1=Q+ 35. Bxh1 Rxh1# 0-1

[Event "Lichtenrader Herbst"]
[Site "Berlin"]
[Date "2013.09.28"]
[Round "1.12"]
[White "Schoene, Ralf"]
[Black "Schilly, Hans-Joachim"]
[Result "1-0"]
[WhiteElo "2345"]
[BlackElo "1822"]
[PlyCount "85"]
[EventDate "2013.??.??"]

1. d4 d5 2. c4 e5 3. dxe5 d4 4. Nf3 Nc6 5. g3 Bf5 6. Bg2 Qd7 7. O-O O-O-O 8. a3
Nge7 9. b4 Ng6 10. Qa4 Kb8 11. Nbd2 Bh3 12. e6 Bxe6 13. Bb2 Bh3 14. b5 Nce7 15.
Bxd4 Nc8 16. Rfd1 Bxg2 17. Kxg2 Qg4 18. Be3 Be7 19. h3 Qe6 20. Qc2 Bf6 21. Rab1
h5 22. Qe4 Rde8 23. Qxe6 Rxe6 24. h4 Nd6 25. Rb3 Nf5 26. Nf1 Kc8 27. c5 Rd8 28.
Rxd8+ Bxd8 29. Nd4 Nxd4 30. Bxd4 f6 31. e3 c6 32. a4 Ne7 33. Nd2 Nf5 34. Nc4 g5
35. hxg5 fxg5 36. Be5 Bc7 37. f4 g4 38. e4 Ne7 39. Rd3 Ng6 40. Bxc7 Kxc7 41.
b6+ axb6 42. cxb6+ Kc8 43. Nd6+ 1-0

[Event "Lichtenrader Herbst"]
[Site "Berlin"]
[Date "2013.09.28"]
[Round "1.13"]
[White "Binder, Thomas"]
[Black "Gruzmann, Boris"]
[Result "0-1"]
[WhiteElo "1866"]
[BlackElo "2245"]
[PlyCount "50"]
[EventDate "2013.??.??"]

1. e4 c5 2. d4 cxd4 3. c3 d5 4. exd5 Qxd5 5. Nf3 Nf6 6. cxd4 e6 7. Nc3 Bb4 8.
Bd2 Bxc3 9. Bxc3 O-O 10. Bd3 Nc6 11. O-O b6 12. Qe2 Bb7 13. Rac1 Rad8 14. Rfd1
h6 15. Bc4 Qh5 16. Rd3 b5 17. Bb3 b4 18. Bd2 Nxd4 19. Rxd4 Bxf3 20. Qc4 Qg6 21.
g3 a5 22. Be3 Nd5 23. Bd2 Qf5 24. Qf1 e5 25. Rdc4 Nb6 0-1

[Event "Lichtenrader Herbst"]
[Site "Berlin"]
[Date "2013.09.28"]
[Round "1.14"]
[White "Bruedigam, Martin"]
[Black "Schipke, Maximilian"]
[Result "1-0"]
[WhiteElo "2312"]
[BlackElo "1717"]
[PlyCount "29"]
[EventDate "2013.??.??"]

1. e4 Nf6 2. e5 Nd5 3. Nf3 d6 4. d4 Nc6 5. exd6 cxd6 6. c4 Nb6 7. d5 Nb4 8. Be2
Bf5 9. Na3 h6 10. O-O Rc8 11. Be3 g5 12. Nd4 Bg6 13. Bg4 f5 14. Ne6 Qd7 15.
Bxf5 1-0

[Event "Lichtenrader Herbst"]
[Site "Berlin"]
[Date "2013.09.28"]
[Round "1.15"]
[White "Radjenovic, Branko"]
[Black "Giemsa, Stephan"]
[Result "0-1"]
[WhiteElo "1834"]
[BlackElo "2321"]
[PlyCount "129"]
[EventDate "2013.??.??"]

1. d4 Nf6 2. c4 g6 3. Nc3 d5 4. Nf3 Bg7 5. e3 O-O 6. Be2 c5 7. dxc5 dxc4 8. O-O
Qa5 9. Bxc4 Qxc5 10. Qb3 Nc6 11. Na4 Qh5 12. Qb5 Bg4 13. Qxh5 Nxh5 14. Bd2 Rfd8
15. Bc3 Bxc3 16. Nxc3 Bxf3 17. gxf3 Rd2 18. Rab1 Ne5 19. Bd5 Nf6 20. Be4 Nxe4
21. Nxe4 Nxf3+ 22. Kg2 f5 23. Kxf3 fxe4+ 24. Kxe4 Rc8 25. Kf3 Rcc2 26. h4 h5
27. a4 Rxb2 28. Rxb2 Rxb2 29. Ra1 Rb4 30. e4 Kf7 31. Kf4 Kf6 32. Ra3 e5+ 33.
Ke3 g5 34. hxg5+ Kxg5 35. f3 a5 36. Ra1 Rb3+ 37. Ke2 Kf4 38. Rh1 Re3+ 39. Kd2
Rxf3 40. Rxh5 Kxe4 41. Rh7 Rb3 42. Rc7 Rb4 43. Rf7 b6 44. Rf6 Kd4 45. Rd6+ Kc5
46. Re6 Rxa4 47. Rxe5+ Kd4 48. Rh5 Rc4 49. Rb5 Rb4 50. Rh5 a4 51. Kc2 b5 52.
Rh4+ Kc5 53. Rh5+ Kb6 54. Kc3 Rb3+ 55. Kc2 Ka5 56. Rg5 Rh3 57. Rg4 Rh2+ 58. Kb1
a3 59. Ka1 b4 60. Rg3 Ka4 61. Rg1 Rd2 62. Rh1 b3 63. Rh4+ Kb5 64. Rh1 Kb4 65.
Rc1 0-1

[Event "Lichtenrader Herbst"]
[Site "Berlin"]
[Date "2013.09.28"]
[Round "1.16"]
[White "Glantz, Robert"]
[Black "Gremm, Albert Juergen"]
[Result "1-0"]
[WhiteElo "2310"]
[BlackElo "1868"]
[PlyCount "61"]
[EventDate "2013.??.??"]

1. e4 d5 2. exd5 Nf6 3. d4 c6 4. c4 cxd5 5. Nc3 g6 6. Nf3 Bg7 7. Be3 O-O 8. Be2
dxc4 9. Bxc4 Nbd7 10. O-O Nb6 11. Bb3 Nfd5 12. Qd2 a5 13. Rac1 a4 14. Bd1 Nc4
15. Qd3 Nxb2 16. Qb5 Nxc3 17. Rxc3 Nxd1 18. Rxd1 Ra5 19. Qb4 Rd5 20. h3 b5 21.
Rc5 Ba6 22. Rdc1 Qd6 23. a3 Rd8 24. Qa5 Rxc5 25. dxc5 Qd3 26. Qxa6 b4 27. Qxd3
Rxd3 28. c6 Rd8 29. c7 Rc8 30. Rd1 Rxc7 31. Rd8+ 1-0

[Event "Lichtenrader Herbst"]
[Site "Berlin"]
[Date "2013.09.28"]
[Round "1.18"]
[White "Moeller, Hendrik"]
[Black "Huebscher, Joachim"]
[Result "1-0"]
[WhiteElo "2273"]
[BlackElo "1810"]
[PlyCount "35"]
[EventDate "2013.??.??"]

1. c4 Nf6 2. g3 e5 3. Bg2 d6 4. Nc3 c6 5. e4 Be7 6. Nge2 Be6 7. d3 Nbd7 8. O-O
Qc7 9. h3 Nb6 10. f4 Bd7 11. Be3 Nh5 12. Rc1 exf4 13. gxf4 Qc8 14. Kh2 f5 15.
Bf3 Nf6 16. e5 Ng8 17. exd6 Bxd6 18. c5 1-0

[Event "Lichtenrader Herbst"]
[Site "Berlin"]
[Date "2013.09.28"]
[Round "1.19"]
[White "Fuchs, Joerg"]
[Black "Schou-Moldt, Thomas"]
[Result "0-1"]
[WhiteElo "1864"]
[BlackElo "2221"]
[PlyCount "40"]
[EventDate "2013.??.??"]

1. e4 g6 2. d4 d6 3. Nc3 Nf6 4. Bg5 Bg7 5. e5 Nfd7 6. f4 O-O 7. Bc4 Nb6 8. Bb3
a5 9. a3 d5 10. Qf3 c6 11. g4 f6 12. exf6 exf6 13. Bh4 Qd7 14. h3 f5 15. Nge2
fxg4 16. hxg4 Qxg4 17. Qf2 a4 18. Ba2 Qf5 19. O-O-O Nc4 20. Bg5 Qxg5 0-1

[Event "Lichtenrader Herbst"]
[Site "Berlin"]
[Date "2013.09.28"]
[Round "1.20"]
[White "Schnabel, Ralf"]
[Black "Chernyak, Nataliya"]
[Result "1-0"]
[WhiteElo "2228"]
[BlackElo "1695"]
[PlyCount "81"]
[EventDate "2013.??.??"]

1. e4 e6 2. d4 g6 3. h4 Bg7 4. h5 g5 5. f4 gxf4 6. Bxf4 c5 7. c3 cxd4 8. cxd4
Qa5+ 9. Nc3 e5 10. h6 Bf6 11. dxe5 Bxe5 12. Bxe5 Qxe5 13. Qf3 Nf6 14. O-O-O Rg8
15. Nd5 Nxd5 16. Rxd5 Qc7+ 17. Kb1 Nc6 18. Ne2 Nb4 19. Nc3 Rg3 20. Qf6 Kf8 21.
a3 Rg6 22. Qh4 Nxd5 23. Nxd5 Qe5 24. Qd8+ Qe8 25. Qxe8+ Kxe8 26. Nc7+ Kd8 27.
Nxa8 b6 28. Bc4 Bb7 29. Bd5 Bxd5 30. exd5 Rxg2 31. d6 Rd2 32. Nc7 Rxd6 33. Nb5
Rg6 34. Nxa7 Rg5 35. Rf1 Ra5 36. Rxf7 Rxa7 37. Rxh7 Ke8 38. Rg7 Kf8 39. Rg6 d5
40. Rxb6 Rd7 41. Kc2 1-0

[Event "Lichtenrader Herbst"]
[Site "Berlin"]
[Date "2013.09.29"]
[Round "2.1"]
[White "Graf, Alexander"]
[Black "Kollberg, Lothar"]
[Result "1-0"]
[WhiteElo "2607"]
[BlackElo "2195"]
[PlyCount "95"]
[EventDate "2013.??.??"]
[WhiteTeam "USV Volksbank Halle"]
[BlackTeam "SC Rotation Pankow e.V."]

1. d4 Nf6 2. c4 d6 3. Nc3 Nbd7 4. e4 e5 5. Nf3 Be7 6. Be2 O-O 7. O-O Re8 8. Re1
c6 9. Rb1 a5 10. Bf1 Qc7 11. b3 Nf8 12. d5 Bg4 13. h3 Bh5 14. Qd3 N8d7 15. Nh4
Nxd5 16. cxd5 Bxh4 17. dxc6 bxc6 18. Ba3 Be7 19. Rbc1 Nc5 20. Bxc5 dxc5 21. Na4
Rad8 22. Qc3 Rd4 23. Nxc5 Bg6 24. Na6 Qb6 25. Qxc6 Qxc6 26. Rxc6 Rxe4 27. Rxe4
Bxe4 28. Rc7 Ba3 29. Bc4 Bg6 30. Rd7 h5 31. Nc7 Re7 32. Rd8+ Kh7 33. Nb5 Bc5
34. Rc8 Bb6 35. Rc6 Bd4 36. Nxd4 exd4 37. Rd6 Re1+ 38. Kh2 Rd1 39. a4 d3 40. h4
Rd2 41. Kg3 Rc2 42. f3 Rc3 43. Kf4 Rc2 44. g3 Rd2 45. Rd5 Kh6 46. Rxa5 Rg2 47.
Rd5 d2 48. Ke3 1-0

[Event "Lichtenrader Herbst"]
[Site "Berlin"]
[Date "2013.09.29"]
[Round "2.3"]
[White "Romanishin, Oleg M"]
[Black "Allgaier, Erik"]
[Result "1-0"]
[WhiteElo "2499"]
[BlackElo "2024"]
[PlyCount "61"]
[EventDate "2013.??.??"]
[BlackTeam "SG BVG Helmholtz 55"]

1. d4 g6 2. g3 Bg7 3. Bg2 d6 4. Nf3 Nc6 5. d5 Ne5 6. Nxe5 dxe5 7. c4 Nf6 8. Nc3
O-O 9. O-O Qd7 10. Qc2 e6 11. Bg5 exd5 12. Nxd5 Nxd5 13. cxd5 f6 14. Be3 Rf7
15. d6 c6 16. Rfd1 Qe6 17. a4 Bd7 18. a5 a6 19. Bc5 Be8 20. e4 Rd7 21. Ra3 Bf7
22. Rad3 Bf8 23. b3 Rad8 24. Qd2 Qe8 25. Bb6 Rc8 26. f4 Be6 27. Rf1 Bh6 28. Qc3
Bg4 29. Qc2 Qe6 30. h3 exf4 31. hxg4 1-0

[Event "Lichtenrader Herbst"]
[Site "Berlin"]
[Date "2013.09.29"]
[Round "2.4"]
[White "Heerde, Thomas"]
[Black "Collins, Sam E"]
[Result "0-1"]
[WhiteElo "2028"]
[BlackElo "2475"]
[PlyCount "120"]
[EventDate "2013.??.??"]
[WhiteTeam "SC Weisse Dame e.V."]

1. Nf3 f5 2. g3 Nf6 3. Bg2 d6 4. d4 g6 5. b3 Bg7 6. Bb2 O-O 7. O-O Ne4 8. Nbd2
Nxd2 9. Nxd2 Nc6 10. Nf3 e5 11. dxe5 dxe5 12. Re1 e4 13. Bxg7 Kxg7 14. Nd2 Be6
15. Nf1 Qf6 16. Qc1 h5 17. f3 exf3 18. exf3 f4 19. Qxf4 Qxf4 20. gxf4 Rae8 21.
Ng3 Rxf4 22. c3 h4 23. Ne4 Bc8 24. Nf2 Rd8 25. Rad1 Rxd1 26. Rxd1 Bf5 27. Ng4
h3 28. Bh1 b6 29. Ne3 Be6 30. Nd5 Rf7 31. f4 Rd7 32. Ne3 Rxd1+ 33. Nxd1 Ne7 34.
Ne3 a5 35. c4 Nf5 36. Kf2 Nxe3 37. Kxe3 a4 38. Kd4 Kf6 39. Bc6 a3 40. b4 Kf5
41. Bd5 Bxd5 42. Kxd5 Kxf4 43. Kc6 g5 44. Kxc7 g4 45. c5 bxc5 46. b5 c4 47. b6
c3 48. b7 c2 49. b8=Q c1=Q+ 50. Kd7+ Ke4 51. Qb4+ Kf3 52. Qb3+ Qe3 53. Qd5+ Kf2
54. Qf5+ Qf3 55. Qc2+ Kg1 56. Kd6 Qg2 57. Qc1+ Kxh2 58. Qg5 g3 59. Qe3 Qxa2 60.
Qf4 Qb2 0-1

[Event "Lichtenrader Herbst"]
[Site "Berlin"]
[Date "2013.09.29"]
[Round "2.5"]
[White "Rabiega, Robert"]
[Black "Welz, Peter"]
[Result "1-0"]
[WhiteElo "2507"]
[BlackElo "2139"]
[PlyCount "53"]
[EventDate "2013.??.??"]
[WhiteTeam "SK König Tegel 1949 e.V."]
[BlackTeam "SV Empor Berlin e.V."]

1. e4 e6 2. d4 d5 3. Nc3 dxe4 4. Nxe4 Nd7 5. Nf3 Ngf6 6. Nxf6+ Nxf6 7. c3 c5 8.
Ne5 a6 9. Be3 Nd5 10. dxc5 Be7 11. Qa4+ Bd7 12. Nxd7 Qxd7 13. Qxd7+ Kxd7 14.
Bd4 f6 15. O-O-O Kc6 16. c4 Nc7 17. g3 Bxc5 18. Bg2+ Kb6 19. Bxc5+ Kxc5 20. Rd7
Ne8 21. Bxb7 Ra7 22. Rhd1 Kb6 23. Bg2 Rc7 24. b3 g5 25. Rd8 h5 26. Rb8+ Kc5 27.
Kb2 1-0

[Event "Lichtenrader Herbst"]
[Site "Berlin"]
[Date "2013.09.29"]
[Round "2.7"]
[White "Lund, Silas Esben"]
[Black "Noetzel, Felix"]
[Result "1-0"]
[WhiteElo "2417"]
[BlackElo "2081"]
[PlyCount "111"]
[EventDate "2013.??.??"]
[BlackTeam "SF Berlin 1903 e.V."]

1. d4 d5 2. c4 e6 3. Nc3 c6 4. e3 f5 5. Bd3 Nf6 6. Nge2 Bd6 7. f3 Nh5 8. O-O
Qh4 9. h3 O-O 10. Bd2 Nd7 11. Qe1 Ng3 12. c5 Bc7 13. f4 Nxe2+ 14. Nxe2 Qh6 15.
Qg3 Nf6 16. Qg5 Qxg5 17. fxg5 Ne4 18. Bxe4 fxe4 19. Nf4 Bxf4 20. exf4 Bd7 21.
Kf2 e5 22. dxe5 d4 23. g4 e3+ 24. Bxe3 dxe3+ 25. Kxe3 g6 26. Rad1 Be6 27. Rd6
Bxa2 28. Rf6 Bd5 29. f5 Kg7 30. h4 Rae8 31. Kf4 Rd8 32. Ra1 a6 33. h5 Rxf6 34.
gxf6+ Kf7 35. Ra4 gxf5 36. gxf5 Rg8 37. Rb4 Rb8 38. Kg5 a5 39. e6+ Kf8 40. Rf4
b5 41. Kh6 Rb7 42. Rg4 a4 43. f7 Rxf7 44. exf7 Kxf7 45. Rd4 Bf3 46. Kg5 Be2 47.
h6 Bc4 48. Kf4 Ke7 49. Ke5 Bb3 50. Rg4 Bf7 51. f6+ Kf8 52. Kd6 Bd5 53. Rg7 b4
54. Rxh7 a3 55. bxa3 bxa3 56. Ra7 1-0

[Event "Lichtenrader Herbst"]
[Site "Berlin"]
[Date "2013.09.29"]
[Round "2.8"]
[White "Kirchhof, Arno"]
[Black "Mikkelsen, Nikolaj"]
[Result "0-1"]
[WhiteElo "2069"]
[BlackElo "2412"]
[PlyCount "74"]
[EventDate "2013.??.??"]
[WhiteTeam "SC Zugzwang 95 e.V."]

1. d4 Nf6 2. c4 c5 3. d5 e6 4. Nc3 exd5 5. cxd5 d6 6. e4 g6 7. Nf3 Bg7 8. Be2
O-O 9. O-O Bg4 10. Nd2 Bxe2 11. Qxe2 a6 12. a4 Nbd7 13. Nc4 Nb6 14. a5 Nxc4 15.
Qxc4 b5 16. axb6 Qxb6 17. Ra4 Nd7 18. Qe2 Bd4 19. Be3 Ne5 20. Rd1 Bxe3 21. Qxe3
Qxb2 22. f4 Ng4 23. Qf3 Rfb8 24. Ra2 Qb3 25. h3 Nf6 26. e5 Nh5 27. e6 f5 28.
Ra4 Rb4 29. Rb1 Qc4 30. Raxb4 cxb4 31. Ne2 Nf6 32. Rd1 b3 33. Rd4 Qc2 34. Rb4
b2 35. Nc3 Ne4 36. e7 Nxc3 37. Qe3 Qc1+ 0-1

[Event "Lichtenrader Herbst"]
[Site "Berlin"]
[Date "2013.09.29"]
[Round "2.9"]
[White "Gutman, Lev"]
[Black "Maahs, Erich"]
[Result "1-0"]
[WhiteElo "2432"]
[BlackElo "2067"]
[PlyCount "103"]
[EventDate "2013.??.??"]
[WhiteTeam "SV Lingen"]
[BlackTeam "SC Concordia SAbt Palame"]

1. Nf3 Nf6 2. g3 e6 3. Bg2 d5 4. O-O Be7 5. b3 c6 6. Bb2 Nbd7 7. d3 b6 8. e4
O-O 9. a4 a5 10. exd5 exd5 11. Nd4 Bb7 12. Nf5 Re8 13. Qd2 Nf8 14. Nxe7+ Qxe7
15. Nc3 d4 16. Ne4 Nxe4 17. dxe4 c5 18. Rfe1 Rad8 19. Rad1 Bc6 20. f4 Qb7 21.
e5 Bxg2 22. Qxg2 Qxg2+ 23. Kxg2 Ne6 24. Kf3 Nc7 25. c3 dxc3 26. Bxc3 Nd5 27.
Bb2 Nb4 28. Ke4 g6 29. g4 Nd5 30. f5 Nc7 31. Bc1 b5 32. Bg5 Rc8 33. Rd7 bxa4
34. bxa4 Na6 35. e6 fxe6 36. f6 Rf8 37. Rg7+ Kh8 38. Re3 Rc7 39. Rh3 h5 40.
Rxc7 Nxc7 41. gxh5 Kh7 42. hxg6+ Kxg6 43. Bf4 Ne8 44. Rh6+ Kf7 45. Ke5 c4 46.
Bd2 Kg8 47. Bxa5 Rf7 48. Kxe6 Nc7+ 49. Ke5 Rd7 50. Rg6+ Kh8 51. Bc3 Nd5 52. f7
1-0

[Event "Lichtenrader Herbst"]
[Site "Berlin"]
[Date "2013.09.29"]
[Round "2.10"]
[White "Wecker, Martin"]
[Black "Von Herman, Ulf"]
[Result "1/2-1/2"]
[WhiteElo "2055"]
[BlackElo "2391"]
[PlyCount "34"]
[EventDate "2013.??.??"]
[WhiteTeam "Godesberger SK 1929 e.V."]
[BlackTeam "SK König Tegel 1949 e.V."]

1. Nf3 c5 2. e4 Nc6 3. c3 e6 4. d4 d5 5. exd5 exd5 6. Bb5 Bd6 7. dxc5 Bxc5 8.
O-O Nge7 9. Nbd2 O-O 10. Nb3 Bb6 11. Bd3 Qd6 12. Bg5 f6 13. Bh4 Nf5 14. Bxf5
Bxf5 15. Nfd4 Bg6 16. Bg3 Qd7 17. Nxc6 Qxc6 1/2-1/2

[Event "Lichtenrader Herbst"]
[Site "Berlin"]
[Date "2013.09.29"]
[Round "2.11"]
[White "Bekker-Jensen, David"]
[Black "Tropov, Oleg"]
[Result "1-0"]
[WhiteElo "2321"]
[BlackElo "1973"]
[PlyCount "77"]
[EventDate "2013.??.??"]
[WhiteTeam "SK Norderstedt von 1975"]
[BlackTeam "club Rockaden"]

1. d4 d5 2. c4 e6 3. Nc3 Be7 4. cxd5 exd5 5. Bf4 Nf6 6. Qc2 a6 7. e3 Nc6 8. a3
O-O 9. Bd3 Re8 10. Nf3 Bg4 11. Ne5 Be6 12. Nxc6 bxc6 13. Na4 Qd7 14. O-O Rec8
15. Rac1 Qe8 16. f3 h6 17. Nc5 Bxc5 18. Qxc5 Bd7 19. b4 Qd8 20. e4 Be8 21. Bb1
Rcb8 22. Be3 Rb5 23. Qc3 dxe4 24. fxe4 Rh5 25. Bf4 Qe7 26. Qf3 Rb5 27. Bd3 Rb6
28. Bd2 Bd7 29. Rce1 Bg4 30. Qf4 Qd7 31. Bc3 Nh5 32. Qf2 Be6 33. Re3 Nf6 34. h3
Ne8 35. Rg3 Nd6 36. d5 cxd5 37. Rxg7+ Kf8 38. Qf6 dxe4 39. Rg8+ 1-0

[Event "Lichtenrader Herbst"]
[Site "Berlin"]
[Date "2013.09.29"]
[Round "2.12"]
[White "Zschaebitz, Klaus"]
[Black "Schoene, Ralf"]
[Result "1/2-1/2"]
[WhiteElo "1997"]
[BlackElo "2345"]
[PlyCount "49"]
[EventDate "2013.??.??"]
[WhiteTeam "BSG 1827 Eckbauer e.V."]
[BlackTeam "TSG Neuruppin"]

1. c4 Nf6 2. g3 d6 3. Bg2 g6 4. Nc3 Bg7 5. d4 O-O 6. Nf3 Nc6 7. O-O a6 8. Qd3
Bf5 9. e4 Bg4 10. Be3 Bxf3 11. Bxf3 Nd7 12. Bg2 e5 13. d5 Nd4 14. b4 c5 15.
dxc6 bxc6 16. a4 Qe7 17. f4 a5 18. b5 Nc5 19. Qd1 Qe6 20. bxc6 Qxc4 21. Bxd4
exd4 22. Nb5 d3 23. Rc1 Qb4 24. Rb1 Qc4 25. Rc1 1/2-1/2